Halk iktidarı (Record no. 7209)

MARC details
000 -BAŞLIK
Sabit Uzunlukta Kontrol Alanı 01152na a2200313 4500
001 - KONTROL NUMARASI
Denetim Alanı 15966
003 - KONTROL NUMARASI IDENTIFIER
Denetim Alanı MIRAKIL
005 - SON İŞLEM TARİHİ VE ZAMANI
Denetim Alanı 20181213155131.0
008 - SABİT-BOY VERİ ELEMANLARI - GENEL BİLGİLER
Sabit Uzunlukta Kontrol Alanı 161103b tu 000 0
035 ## - SİSTEM KONTROL NUMARASI
Sistem Kontrol Numarası 15966
040 ## - KATALOGLAMA KAYNAK
Orijinal Kataloglama Ajansı Milas
Kataloglama Dili tur
Metne Dönüştürmek Ajansı TR-AnCHP
041 ## - DİL KODU
Metin / Ses Parça Veya Ayrı Başlığın Dil Kodu tur
082 ## - DEWEY ONLU SINIFLANDIRMA NUMARASI
Sınıflandırma Numarası CHP 320.5
Ürün Numarası Ö47h 1975
090 ## - SINIFLAMA NUMARASI
Sınıflama Numarası CHP 320.5 Ö47h 1975
100 ## - ANA GİRİŞ - KİŞİSEL İSİM
Kişisel Ad Öksüz, Mehmet
245 ## - BAŞLIK TABLOSU
Başlık Halk iktidarı
Sorumluluk Tablosu, Vb Mehmet Öksüz
260 ## - YAYIN, DAĞITIM, VB
Yayın, Dağıtım, Vb Yeri Ankara
Yayıncı, Dağıtıcı, Vs Adı Tekin Yayınevi
Yayın, Dağıtım, Vb Tarihi 1975
300 ## - FİZİKSEL TANIM
Kapsam 261 s.
Boyutlar 20 sm.
500 ## - GENEL NOT
Genel Not Dış kapakta başka yapıt adı : Seçimlerde neden faşizme karşı Ecevit'in çevresine birleşmeliyiz? - Kullanacağın oyla düzeni değiştirebileceğini unutma!
505 ## - BİÇİMLENDİRİLDİ İÇİNDEKİLER NOT
Biçimlendirilmiş İçeriği Dikkat Halk İktidarı - MSP'nin ihaneti - Para ve iktidar - İktidarın zorbalığı ve tehdit altında tutulan özgürlükler
600 ## - KONU KATMA GİRİŞ - KURUMSAL ADI
Kişisel Ad Ecevit, Bülent
Genel Alt Bölümü İdeolojiler
600 ## - KONU KATMA GİRİŞ - KURUMSAL ADI
Kişisel Ad Ecevit, Bülent
Genel Alt Bölümü Siyasal ve sosyal görüşler
650 ## - KONU KATMA GİRİŞ - TOPİKAL DÖNEM
Topikal Süreli Veya Coğrafi Ad Giriş Elemanı Demokrasi
651 ## - KONU KATMA GİRİŞ - COĞRAFİ ADI
Coğrafi İsim Türkiye
Genel Alt Bölümü Siyasal yaşam
740 ## - KATMA GİRİŞ - KONTROLSUZ İLGİLİ / ANALİTİK BAŞLIK
Kontrol Edilmeyen / İlgili Analitik Başlıktaki MSP'nin ihaneti
740 ## - KATMA GİRİŞ - KONTROLSUZ İLGİLİ / ANALİTİK BAŞLIK
Kontrol Edilmeyen / İlgili Analitik Başlıktaki Para ve iktidar
740 ## - KATMA GİRİŞ - KONTROLSUZ İLGİLİ / ANALİTİK BAŞLIK
Kontrol Edilmeyen / İlgili Analitik Başlıktaki İktidarın zorbalığı ve tehdit altında tutulan özgürlükler
942 ## - EKLENDİ GİRİŞ ELEMANLARI (KOHA)
Sınıflandırma Veya Raf Düzeni Kaynak
Koha Öğesi Türü Books
999 ## - SİSTEM KONTROL NUMARALARI (KOHA)
Koha Biblionumber 7209
Koha Biblioitemnumber 7209
Holdings
Kalıcı Konum Mevcut Konum Edinme Tarihi Edinim Kaynak Toplam Check-Out'Lar Tam Çağrı Numarası Barkod Tarih Son Görülme İtibaren Geçerli Fiyatlar Koha Öğesi Türü
CHP Kütüphanesi CHP Kütüphanesi 09/28/2016 Bağış   CHP 320.5 Ö47h 1975 004603 09/28/2016 09/28/2016 Books